Szczegóły MARC21

Słownik języka informacyjno-wyszukiwawczego biblioteki społeczno-ekonomicznej /

003 -Nazwa inst., której nr kontr. jest w polu 001 [,]
    • @
    • Nazwa instytucji, której n kontrolny jest w polu 001
    • NUKAT
005 -DATA I CZAS OSTATNIEJ MODYFIKACJI [,]
    • @
    • pole kontrolne
    • 20241231095814.0
020 -Międzynarod. znormalizowany nr książki - ISBN [ , ]
    • a
    • Numer ISBN
    • 8370112609 Find
040 -Instytucja sporządzająca opis [ , ]
    • a
    • Instytucja, która sporządziła opis (NP)
    • TOR U/BD
    • c
    • Instytucja, która sporządziła rekord (NP)
    • TOR U/Bd
    • d
    • Instytucja, która zmodyfikowała rekord (P)
    • TOT U/AP
    • d
    • Instytucja, która zmodyfikowała rekord (P)
    • Ł U/MSs
942 -Rodzaj dokumentu [ , ]
    • c
    • Rodzaj dokumentu
    • Książka
100 -Hasło główne - nazwa osobowa [1, ]
    • a
    • Nazwa osobowa (NP)
    • Pietraszkiewicz, Janina
    • d
    • Daty biograficzne (NP)
    • (1962- ).
    • 9
    • KHW
    • 646126
245 -Strefa tytułu i oznaczenia odpowiedzialności [1,0]
    • a
    • Tytuł
    • Słownik języka informacyjno-wyszukiwawczego biblioteki społeczno-ekonomicznej / Find
    • c
    • Pozostałe elementy strefy tytułu i oznaczenia odpowiedzialności (NP)
    • Janina Pietraszkiewicz, Zbigniew Stankiewicz, Urszula Żmijewska.
260 -Strefa adresu wydawniczego [ , ]
    • a
    • Miejsce wydania (P)
    • Wrocław :
    • b
    • Nazwa wydawcy (P)
    • Wydaw. Akademii Ekonomicznej im. Oskara Langego,
    • c
    • Data wydania (P)
    • 1997.
300 -Strefa opisu fizycznego [ , ]
    • a
    • Określenie formy książki i/lub objętość (NP)
    • 100 s. ;
    • c
    • Format (NP)
    • 24 cm.
336 -Typ zawartości [ , ]
    • a
    • Termin opisujący typ zawartości
    • Tekst
    • b
    • Kod określający zawartość
    • txt
    • 2
    • Źródło (terminu i kodu)
    • rdacontent
337 -Typ mediów [ , ]
    • a
    • Tryb odtwarzania
    • Bez urządzenia pośredniczącego
    • b
    • Kod typu mediów
    • n
    • 2
    • Źródło (terminu i kodu)
    • rdamedia
338 -Typ/rodzaj nośnika [ , ]
    • a
    • Hasło opisujące typ nośnika
    • Wolumin
    • b
    • Kod typu nośnika
    • nc
    • 2
    • Źródło (terminu i kodu)
    • rdacarrier
080 -Uniwersalna Klasyfikacja Dziesiętna [ , ]
    • a
    • Symbol klasyfikacji
    • 026
    • 2
    • Identyfikator wydania tablic
    • UDC-P058
    • 9
    • UKD
    • 2299
    • b
    • Dopowiedzenie
    • Biblioteki specjalne. Biblioteki fachowe.
    • 4
    • UKD2
    • 7642
    • x
    • Poddział wspólny
    • (438)
    • c
    • Dopowiedzenie poddz. wspólnego
    • (Polska).
    • 4
    • UKD2
    • 7663
    • x
    • Poddział wspólny
    • (038)
    • c
    • Dopowiedzenie poddz. wspólnego
    • (Słowniki).
080 -Uniwersalna Klasyfikacja Dziesiętna [ , ]
    • a
    • Symbol klasyfikacji
    • 30
    • 2
    • Identyfikator wydania tablic
    • UDC-P058
    • 9
    • UKD
    • 2706
    • b
    • Dopowiedzenie
    • METODOLOGIA I METODY NAUK SPOŁECZNYCH OGÓLNIE. SOCJOGRAFIA.
    • 4
    • UKD2
    • 7642
    • x
    • Poddział wspólny
    • (438)
    • c
    • Dopowiedzenie poddz. wspólnego
    • (Polska).
    • 4
    • UKD2
    • 7663
    • x
    • Poddział wspólny
    • (038)
    • c
    • Dopowiedzenie poddz. wspólnego
    • (Słowniki).
080 -Uniwersalna Klasyfikacja Dziesiętna [ , ]
    • a
    • Symbol klasyfikacji
    • 025.4
    • 2
    • Identyfikator wydania tablic
    • UDC-P058
    • 9
    • UKD
    • 2289
    • b
    • Dopowiedzenie
    • Języki informacyjno-wyszukiwawcze. Klasyfikacja. Indeksowanie.
    • 4
    • UKD2
    • 7642
    • x
    • Poddział wspólny
    • (438)
    • c
    • Dopowiedzenie poddz. wspólnego
    • (Polska).
    • 4
    • UKD2
    • 7663
    • x
    • Poddział wspólny
    • (038)
    • c
    • Dopowiedzenie poddz. wspólnego
    • (Słowniki).
650 -Hasło przedmiotowe [ ,7]
    • a
    • Hasło przedmiotowe
    • Języki informacyjno-wyszukiwawcze
    • v
    • Określnik formalny
    • słowniki.
    • 2
    • Źródło terminu
    • kaba
    • 9
    • KHW
    • 646445
980 -Symbol UKD [ , ]
    • a
    • UKD
    • 026:30:025.4](438)(038)
700 -Hasło dodatkowe - nazwa osobowa [1, ]
    • a
    • Nazwa osobowa (NP)
    • Stankiewicz, Zbigniew. Find
    • 9
    • KHW
    • 646127
700 -Hasło dodatkowe - nazwa osobowa [1, ]
    • a
    • Nazwa osobowa (NP)
    • Żmijewska, Urszula. Find
    • 9
    • KHW
    • 646128
710 -Hasło dodatkowe - nazwa ciała zbiorowego [2, ]
    • a
    • Nazwa ciała zbiorowego lub nazwa geograficzna jako pierwszy element (NP)
    • Akademia Ekonomiczna im. Oskara Langego (Wrocław).
    • b
    • Nazwa jednostki podrzędnej (P)
    • Wydawnictwo.
    • 4
    • Kod relacji
    • pbl
    • 9
    • KHW
    • 73622
920 -ISBN [ , ]
    • a
    • ISBN
    • 83-7011-260-9 Find
Lokalizacja Data inwentaryzacji Numer inwentarzowy Status udost.
BE2010-05-13E.725731
BG1998-07-07Z.918591